• 首页
  • 本馆介绍
  • 公告通知
  • 最新文献
  • 馆藏检索
  • 电子资源
  • 读者导购
  • 参考咨询
  • 我的图书馆
  • 登录
  • 详细信息显示
  • 放入我的书架
  • 预约/预借图书
  • 作者相关作品
  • 分类相关作品
  • 丛书相关作品
  • 出版社相关作品

书目信息

  • 表格格式
  • 工作单格式
  • 卡片格式
题名:
帝国反恐
    
 
作者: 李涛 著
分册:  
出版信息: 北京   中国友谊出版公司  2007
页数: 14,315页
开本: 25cm
丛书名: 反恐系列
单 册:
中图分类: D815.5
科图分类:
主题词: 反恐怖活动--研究--世界 , 反恐怖活动
电子资源:
ISBN: 978-7-5057-2374-0
000 00975oam2 2200277 45
001 1029942851
005 20100428143920.45
010    @a978-7-5057-2374-0@dCNY33.00
100    @a20100420d2007 ekmy0chiy0120 ea
101 0  @achi
102    @aCN@b110000
105    @aa z 000yy
106    @ar
200 1  @a帝国反恐@ADi Guo Fan Kong@e用鲜血换石油的帝国战略@EYong Xian Xue Huan Shi You De Di Guo Zhan Lue@f李涛著@FLi Tao Zhu
210    @a北京@c中国友谊出版公司@d2007
215    @a14,315页@c照片,图@d25cm
225 2  @a反恐系列
330    @a全书分十七章,内容包括:“9·11”是打击了美国还是引来了狼;运河之争;石油危机;伊朗人质危机;伊朗门;伊拉克不是终点等。
461  0 @12001 @a反恐系列
517 1  @a用鲜血换石油的帝国战略@AYong Xian Xue Huan Shi You De Di Guo Zhan Lue
606 0  @a反恐怖活动@x研究@y世界
606 0  @a反恐怖活动
690    @aD815.5@v4
701  0 @a李涛@ALi Tao@4著
801  0 @aCN@bTANGWEI@c20100428
905    @b0594627-29@dD815.5@e102@f3
    
    帝国反恐:用鲜血换石油的帝国战略/李涛著.-北京:中国友谊出版公司,2007
    14,315页:照片,图;25cm.-(反恐系列)
    
    
    ISBN 978-7-5057-2374-0:CNY33.00
    全书分十七章,内容包括:“9·11”是打击了美国还是引来了狼;运河之争;石油危机;伊朗人质危机;伊朗门;伊拉克不是终点等。
●
相关链接 在E读中查询图书 在五车中查询图书 在当当中查询图书 在豆瓣中查询图书


正题名:帝国反恐     索取号:D815.5/102         预约/预借

序号 登录号 条形码 馆藏地/架位号 状态 备注
1 0594627   205946271   第一样本阅览室/ [索取号:D815.5/102] 在馆    
2 0594628   205946280   第一借阅区/ [索取号:D815.5/102] 在馆    
3 0594629   205946299   第一借阅区/ [索取号:D815.5/102] 在馆    
唐山师范学院图书馆 欢迎您!
大连网信软件有限公司© 版权所有